| 000 | 00859cab a2200217 4500 | ||
|---|---|---|---|
| 001 | ABS39666 | ||
| 008 | 090401t1988 xxu||||| |||| 00| 0 eng d | ||
| 035 | _a(Sirsi) u18141 | ||
| 041 | _aeng | ||
| 100 | _aCrosby, N. | ||
| 245 | _aAnalysis of property market indices with emphasis on shop rent change | ||
| 260 | _c1988 | ||
| 350 | _a0 | ||
| 490 |
_aLand Development Studies _v5(2) May 1988, 145-177(33) |
||
| 520 | _aReviews the major indicators of property performance with particular reference to shops in the light of the attempts of property agents in the last two decades to construct indices of value change and total returns which have been the subject of criticism. References.(Journal available for reference only) | ||
| 650 | _aINVESTMENT | ||
| 650 | _aRENT | ||
| 690 | _aPROPERTY LAW AND PRACTICE | ||
| 942 | _n0 | ||
| 948 | _c04/03/1997 | ||
| 999 |
_c12032 _d12032 |
||